[Event "Ruhrgebiet VK2 0304"]
[Site "Ruhrgebiet"]
[Date "2004.03.28"]
[Round "8.4"]
[White "Brockmann, Fabian"]
[Black "Hofmann, Ralf"]
[Result "0-1"]
[WhiteElo "1966"]
[BlackElo "1805"]
[PlyCount "54"]
[EventDate "2003.09.28"]
[EventType "team"]
[EventRounds "9"]
[EventCountry "GER"]
[SourceTitle "EXT 2007"]
[Source "ChessBase"]
[SourceDate "2006.11.23"]
[SourceVersion "1"]
[SourceVersionDate "2006.11.23"]
[SourceQuality "1"]
[WhiteTeam "Dortmund Hansa III"]
[BlackTeam "Ruettenscheid Rochade"]
[WhiteTeamCountry "GER"]
[BlackTeamCountry "GER"]

1. e4 e5 2. Bb5 a6 3. Ba4 Nf6 4. d3 Nc6 5. f4 b5 6. fxe5 Nxe5 7. Bb3 Bb7 8. Ne2 c5 9. 0-0 c4 10. dxc4 bxc4 11. Qd4 Qc7 12. Kh1 cxb3 13. cxb3 Bc5 14. Qd2 Nxe4 15. Qf4 0-0 16. Nd2 Nxd2 17. Bxd2 Qc6 18. Qg3 Qg6 19. Qh3 Qg4 20. Nf4 Qxh3 21. Nxh3 Rfe8 22. Bc3 Ng6 23. Rae1 Nh4 24. Nf4 g5 25. Bf6 Rxe1 26. Rxe1 gxf4 27. Bxh4 f3 0-1

[Event "Ruhrgebiet VK2 0304"]
[Site "Ruhrgebiet"]
[Date "2004.02.29"]
[Round "7.5"]
[White "Altenburg, Frank"]
[Black "Hofmann, Ralf"]
[Result "1/2-1/2"]
[WhiteElo "1839"]
[BlackElo "1805"]
[PlyCount "103"]
[EventDate "2003.09.28"]
[EventType "team"]
[EventRounds "9"]
[EventCountry "GER"]
[SourceTitle "EXT 2007"]
[Source "ChessBase"]
[SourceDate "2006.11.23"]
[SourceVersion "1"]
[SourceVersionDate "2006.11.23"]
[SourceQuality "1"]
[WhiteTeam "Oberhausen II"]
[BlackTeam "Ruettenscheid Rochade"]
[WhiteTeamCountry "GER"]
[BlackTeamCountry "GER"]

1. d4 d5 2. Nf3 Nf6 3. e3 e6 4. Bd3 c5 5. c3 b6 6. Nbd2 Bb7 7. 0-0 Be7 8. Ne5 0-0 9. Qc2 Nc6 10. f4 Rc8 11. Nxc6 Bxc6 12. b3 b5 13. Bb2 c4 14. Be2 Bb7 15. bxc4 bxc4 16. a4 Qc7 17. Ba3 Bxa3 18. Rxa3 a5 19. Rb1 Rb8 20. Ra2 Bc6 21. Bd1 Nd7 22. Rxb8 Rxb8 23. Rb2 g6 24. Rxb8+ Qxb8 25. Qa2 Nb6 26. Qa3 Qf8 27. Nb1 Bxa4 28. Bxa4 Qxa3 29. Nxa3 Nxa4 30. Nb1 Nb2 31. Kf1 a4 32. Ke2 Kg7 33. Kd2 Nd3 34. g3 Kf6 35. Ke2 Kf5 36. h3 h5 37. Na3 g5 38. Nb1 f6 39. Na3 Ke4 40. Nb1 Nc1+ 41. Kd2 gxf4 42. exf4 Nd3 43. Ke2 Nxf4+ 44. gxf4 Kxf4 45. Kf2 e5 46. Na3 e4 47. Nc2 Kg5 48. Kg3 h4+ 49. Kf2 f5 50. Ke3 f4+ 51. Ke2 Kf5 52. Kf2 1/2-1/2

[Event "Ruhrgebiet VK2 0304"]
[Site "Ruhrgebiet"]
[Date "2004.01.11"]
[Round "5.5"]
[White "Linke, Juergen"]
[Black "Hofmann, Ralf"]
[Result "0-1"]
[WhiteElo "1857"]
[BlackElo "1805"]
[PlyCount "96"]
[EventDate "2003.09.28"]
[EventType "team"]
[EventRounds "9"]
[EventCountry "GER"]
[SourceTitle "EXT 2007"]
[Source "ChessBase"]
[SourceDate "2006.11.23"]
[SourceVersion "1"]
[SourceVersionDate "2006.11.23"]
[SourceQuality "1"]
[WhiteTeam "Erkenschwick II"]
[BlackTeam "Ruettenscheid Rochade"]
[WhiteTeamCountry "GER"]
[BlackTeamCountry "GER"]

1. d4 d5 2. Nf3 Bf5 3. e3 Nf6 4. c4 c6 5. Nc3 e6 6. Bd3 Bxd3 7. Qxd3 Nbd7 8. b3 Be7 9. 0-0 h6 10. Bb2 0-0 11. a3 Qc7 12. cxd5 exd5 13. Rac1 Rfe8 14. Rfe1 Bf8 15. h3 Qd6 16. Nd2 Rad8 17. e4 dxe4 18. Ndxe4 Nxe4 19. Nxe4 Qg6 20. Qf3 Nb6 21. Nc5 Bxc5 22. dxc5 Nd5 23. Kf1 Kf8 24. Be5 Kg8 25. Qg3 Qxg3 26. Bxg3 f6 27. Rc4 Rxe1+ 28. Kxe1 Kf7 29. Bd6 a6 30. Re4 Rd7 31. Kd2 Nc7 32. a4 Ne8 33. Kc3 Nxd6 34. cxd6 Rxd6 35. Kc4 Rd5 36. b4 b5+ 37. axb5 axb5+ 38. Kc3 Rd6 39. Re1 Re6 40. Ra1 Re2 41. Ra6 Rxf2 42. Rxc6 Rxg2 43. Kd4 Rg5 44. Rc5 Rxc5 45. Kxc5 f5 46. Kxb5 f4 47. Kc4 Ke6 48. h4 g5 0-1

[Event "Ruhrgebiet VK2 0304"]
[Site "Ruhrgebiet"]
[Date "2003.11.30"]
[Round "4.6"]
[White "Oelze, Achim"]
[Black "Hofmann, Ralf"]
[Result "1-0"]
[WhiteElo "1846"]
[BlackElo "1805"]
[PlyCount "79"]
[EventDate "2003.09.28"]
[EventType "team"]
[EventRounds "9"]
[EventCountry "GER"]
[SourceTitle "EXT 2007"]
[Source "ChessBase"]
[SourceDate "2006.11.23"]
[SourceVersion "1"]
[SourceVersionDate "2006.11.23"]
[SourceQuality "1"]
[WhiteTeam "Essen Borbeck II"]
[BlackTeam "Ruettenscheid Rochade"]
[WhiteTeamCountry "GER"]
[BlackTeamCountry "GER"]

1. Nf3 d6 2. d4 Nf6 3. c4 g6 4. Nc3 Bg7 5. e4 0-0 6. h3 Nc6 7. d5 Nb8 8. Bd3 e5 9. g4 c6 10. Be3 Re8 11. Rb1 cxd5 12. cxd5 a6 13. a4 b6 14. Nd2 Nbd7 15. b4 Bf8 16. Nb3 Kg7 17. Qd2 Ng8 18. g5 h5 19. gxh6+ Kh7 20. h4 Bxh6 21. Nd1 Bxe3 22. Nxe3 Ndf6 23. b5 a5 24. Rc1 Bd7 25. Nc4 Bg4 26. Qe3 Rb8 27. f3 Bc8 28. Qg5 Nh5 29. Rc2 Nf4 30. Kd2 Kg7 31. Nc1 Nf6 32. Ne2 N6h5 33. Nxf4 Nxf4 34. Rhc1 Qd7 35. Bf1 Rh8 36. Ne3 Rb7 37. Rc6 f6 38. Qg3 Nh5 39. Qg1 Kf7 40. Nc4 1-0